Determinación de los parametros ambientales de diseño para sistemas termicos en Pavas
Збережено в:
| Автор: | |
|---|---|
| Формат: | Книга |
| Опубліковано: |
San José, Costa Rica
1991
|
| Предмети: | |
| Теги: |
Додати тег
Немає тегів, Будьте першим, хто поставить тег для цього запису!
|
MARC
| LEADER | 00000nam a2200000Ia 4500 | ||
|---|---|---|---|
| 003 | 005231 | ||
| 005 | 20221231144327.0 | ||
| 008 | 140114s1991 cr a m 000 ||s d | ||
| 040 | |c cru CEDI | ||
| 090 | |a TFG 2486 | ||
| 100 | |a Garro Rodríguez, Olman |9 12713 | ||
| 245 | |a Determinación de los parametros ambientales de diseño para sistemas termicos en Pavas | ||
| 260 | |c 1991 |a San José, Costa Rica | ||
| 300 | |a xiv, 130 hojas : ilustraciones ; 28 cm. | ||
| 500 | |a Proyecto de graduación (licenciatura en ingeniería mecánica)--Universidad de Costa Rica. Facultad de Ingeniería. Escuela de Ingeniería Mecánica | ||
| 650 | |x OBSERVATORIOS METEOROLOGICOS |x PROGRAMAS PARA COMPUTADORA |9 12714 | ||
| 942 | |c TFG |2 ddc | ||
| 999 | |c 20216 |d 20216 | ||
